| 000 | 00933nam a22002417a 4500 | ||
|---|---|---|---|
| 003 | AM-YeHGA | ||
| 005 | 20250618080214.0 | ||
| 008 | 250416s1958 le |||gr|||||00||1|arm|d | ||
| 040 | _aAM-YeHGA | ||
| 041 | 1 |
_aarm _heng |
|
| 100 | 1 |
_aՄոեմ, Սոմերսեթ, _d1874-1965 _98655 |
|
| 245 | 1 | 0 |
_aՍտրկութիւն մարդկային : _bՎէպ / _cՍամըրսեթ Մոամ; Անգլ. թարգմ.՝ Ս. Աշճեան. |
| 260 |
_aՊէյրութ : _bԱ. հ., _c1958-1959. |
||
| 300 | _aհատոր | ||
| 440 | 0 |
_aՄատենաշար «Այգ»ի ; _vԹիւ 16-18 |
|
| 500 | _aՄ. 1 (1958, 302 էջ) | ||
| 505 | 0 | 0 |
_gՀ․ 1 (1958, 304 էջ) ; _gՀ. 2 (1958, 305-660 էջ) ; _gՀ. 3 (1959, 661-1104 էջ) |
| 650 | 1 | 4 |
_aԱնգլիական գրականություն _xԱնգլիական արձակ _y20-րդ դար |
| 700 | 1 |
_aԱշճյան, Սարգիս _eթարգմ. _4trl |
|
| 942 |
_2udc _cBK |
||
| 001 | 2015333 | ||
| 090 | _c573810 | ||
| 999 |
_c534338 _d534338 |
||